Deutsche Kfz-Kennzeichen L-S - Statistiken

Allgemein
  • Dieses Quiz wurde 123 mal gespielt
  • Das Durchschnittsergebnis liegt bei 12 aus 15
Antwortstatistiken
Hint Antwort % Korrekt
LEV Leverkusen
98%
M München
98%
N Nürnberg
97%
S Stuttgart
92%
MD Magdeburg
86%
P Potsdam
85%
MZ Mainz
83%
MA Mannheim
81%
R Regensburg
81%
PB Paderborn
79%
OB Oberhausen
77%
ROS Rostock
72%
RV Ravensburg
70%
MG Mönchengladbach
68%
MS Münster
63%
Keine übereinstimmenden Quizze gefunden
Verteilung der Resultate
Anzahl Personen mit jedem Resultat
Perzentil nach korrekt beantworteten Fragen
Ihre Resultats-Entwicklung
Sie haben dieses Quiz noch nicht gespielt